[Event "Bayern-chI Bank Hofmann 20th"]
[Site "Bad Wiessee"]
[Date "2016.10.29"]
[Round "1"]
[White "Kozul, Zdenko"]
[Black "Jenusch, Robert"]
[Result "1-0"]
[WhiteElo "2619"]
[BlackElo "1964"]
[PlyCount "73"]
[EventDate "2016.10.29"]
[EventType "swiss"]
[EventRounds "9"]
[EventCountry "GER"]
[SourceTitle "CBM 175 Extra"]
[Source "ChessBase"]
[SourceDate "2016.12.12"]
[SourceVersion "1"]
[SourceVersionDate "2016.12.12"]
[SourceQuality "1"]

1. d4 d5 2. c4 e6 3. Nf3 c6 4. Nbd2 f5 5. g3 Nf6 6. Bg2 Bd6 7. 0-0 Nbd7 8. b3 0-0 9. Bb2 Qe7 10. Ne5 Ne4 11. Ndf3 Ba3 12. Bxa3 Qxa3 13. c5 Qa5 14. Qc1 Qd8 15. b4 a6 16. Nd3 Qe7 17. a4 g5 18. Nfe5 g4 19. f3 gxf3 20. exf3 Ng5 21. Re1 Qg7 22. Qf4 Nf6 23. b5 axb5 24. axb5 Rxa1 25. Rxa1 cxb5 26. Ra7 Nf7 27. Nxf7 Rxf7 28. Bf1 Nd7 29. Qe3 Nf8 30. Ne5 Rc7 31. Bxb5 Ng6 32. Nd3 Nf8 33. Ra8 h6 34. Nf4 Kh7 35. Bd3 Qf7 36. Kf2 Ng6 37. g4 1-0

[Event "Naumburg Osteropen 9th"]
[Site "Naumburg Saale"]
[Date "2014.04.21"]
[Round "5.8"]
[White "Huenermund, Lars"]
[Black "Jenusch, Robert"]
[Result "1/2-1/2"]
[WhiteElo "1718"]
[BlackElo "1976"]
[PlyCount "80"]
[EventDate "2014.04.19"]
[EventType "swiss"]
[EventRounds "5"]
[EventCountry "GER"]
[SourceTitle "EXT 2020"]
[Source "ChessBase"]
[SourceDate "2019.10.17"]
[SourceVersion "1"]
[SourceVersionDate "2019.10.17"]
[SourceQuality "1"]

1. e4 d5 2. exd5 Qxd5 3. Nc3 Qa5 4. Nf3 Nf6 5. d3 Bg4 6. Be2 c6 7. Bd2 e6 8. 0-0 Nbd7 9. h3 Bxf3 10. Bxf3 Qc7 11. Re1 Bd6 12. Ne4 Nxe4 13. Bxe4 Nf6 14. Bc3 0-0-0 15. Qe2 h6 16. Bf3 Rhg8 17. Be5 Nd7 18. Bxd6 Qxd6 19. Qe3 Kb8 20. a4 e5 21. Bg4 f6 22. Bxd7 Rxd7 23. Rad1 Rgd8 24. b3 Qb4 25. Qd2 Qxd2 26. Rxd2 c5 27. Re4 Rd4 28. Rde2 Kc7 29. Kf1 b6 30. Ke1 a6 31. Rxd4 cxd4 32. Re4 b5 33. axb5 axb5 34. f4 Re8 35. fxe5 fxe5 36. h4 Kd6 37. Rg4 Re7 38. Rg6+ Kc5 39. Kd2 b4 40. g3 Rb7 1/2-1/2

[Event "Goch op 23rd"]
[Site "Goch"]
[Date "2012.09.01"]
[Round "4"]
[White "Jenusch, Robert"]
[Black "Lasschuit, Rene"]
[Result "0-1"]
[WhiteElo "2028"]
[BlackElo "1850"]
[PlyCount "102"]
[EventDate "2012.08.30"]
[EventType "swiss"]
[EventRounds "7"]
[EventCountry "GER"]
[SourceTitle "EXT 2015"]
[Source "ChessBase"]
[SourceDate "2014.11.20"]
[SourceVersion "1"]
[SourceVersionDate "2014.11.20"]
[SourceQuality "1"]

1. d4 d5 2. Nf3 Nf6 3. e3 Bf5 4. c4 c6 5. Nc3 e6 6. Bd3 Bxd3 7. Qxd3 Nbd7 8. 0-0 Bd6 9. c5 Bc7 10. b4 0-0 11. a4 e5 12. dxe5 Nxe5 13. Nxe5 Bxe5 14. f4 Bxc3 15. Qxc3 Ne4 16. Qd4 Qf6 17. Qxf6 Nxf6 18. Bb2 Ne4 19. Rac1 Rfe8 20. Rfd1 a6 21. Kf1 Re6 22. Ke2 Rh6 23. Rh1 Kf8 24. g4 Rh4 25. Rcg1 a5 26. b5 cxb5 27. axb5 Nxc5 28. Ba3 b6 29. g5 Ke7 30. Rc1 Kd6 31. h3 Re8 32. Kf3 h6 33. gxh6 Rxh6 34. Rcg1 Rhe6 35. Re1 f5 36. Bb2 Nd3 37. Ba3+ Kd7 38. Re2 d4 39. Rd1 Rxe3+ 40. Rxe3 Rxe3+ 41. Kg2 Nxf4+ 42. Kf1 Rxa3 43. Rxd4+ Ke6 44. Rxf4 Rxh3 45. Rc4 Kd5 46. Rc7 g5 47. Rc6 Rb3 48. Rxb6 a4 49. Ra6 a3 50. b6 Kc6 51. Ra8 Kb7 0-1

[Event "Goch op 23rd"]
[Site "Goch"]
[Date "2012.08.31"]
[Round "2"]
[White "Jenusch, Robert"]
[Black "Nagel, Bernhard"]
[Result "1/2-1/2"]
[WhiteElo "2028"]
[BlackElo "2223"]
[PlyCount "120"]
[EventDate "2012.08.30"]
[EventType "swiss"]
[EventRounds "7"]
[EventCountry "GER"]
[SourceTitle "EXT 2015"]
[Source "ChessBase"]
[SourceDate "2014.11.20"]
[SourceVersion "1"]
[SourceVersionDate "2014.11.20"]
[SourceQuality "1"]

1. d4 Nf6 2. Nf3 e6 3. e3 b6 4. Bd3 Bb7 5. 0-0 d5 6. b3 Bd6 7. Bb2 0-0 8. Nbd2 Ne4 9. Rc1 Nd7 10. Ne5 f6 11. Nxd7 Qxd7 12. c4 Qe7 13. f3 Nxd2 14. Qxd2 f5 15. f4 c5 16. Be2 Rad8 17. Bf3 dxc4 18. bxc4 Bxf3 19. Rxf3 e5 20. d5 Rde8 21. Rg3 Rf7 22. Rf1 Qc7 23. Rgf3 exf4 24. exf4 Re4 25. g3 Rfe7 26. Qc3 Qd7 27. Qb3 Qe8 28. Be5 Qg6 29. Re3 Bxe5 30. Rxe4 fxe4 31. fxe5 Rxe5 32. Qe3 h6 33. Rd1 Qg5 34. Qxg5 hxg5 35. d6 Re8 36. d7 Rd8 37. Kf2 Kf7 38. Ke3 Ke6 39. Rd5 Rxd7 40. Rxg5 Kf6 41. Rg4 Rd3+ 42. Kxe4 Rd2 43. Rf4+ Kg6 44. a3 Rxh2 45. Kd5 Rd2+ 46. Ke4 Rc2 47. Ke5 Rc3 48. Rg4+ Kf7 49. Rf4+ Kg8 50. g4 Rxa3 51. g5 Rd3 52. g6 Rd8 53. Rf7 Ra8 54. Rb7 a5 55. Rxb6 a4 56. Rb2 a3 57. Ra2 Kf8 58. Kd6 Ra5 59. Kc6 Ke7 60. Kb6 Ra8 1/2-1/2

[Event "Bayern-chI Bank Hofmann 14th"]
[Site "Bad Wiessee"]
[Date "2010.10.31"]
[Round "3"]
[White "Ringoir, Tanguy"]
[Black "Jenusch, Robert"]
[Result "1-0"]
[WhiteElo "2379"]
[BlackElo "2052"]
[PlyCount "43"]
[EventDate "2010.10.30"]
[EventType "swiss"]
[EventRounds "9"]
[EventCountry "GER"]
[SourceTitle "EXT 2011"]
[Source "ChessBase"]
[SourceDate "2010.11.26"]
[SourceVersion "1"]
[SourceVersionDate "2010.11.26"]
[SourceQuality "1"]

1. e4 g6 2. d4 Bg7 3. c3 c6 4. Nf3 d5 5. e5 Bg4 6. h3 Bxf3 7. Qxf3 Nd7 8. h4 f5 9. g4 e6 10. gxf5 exf5 11. h5 Qe7 12. Be3 0-0-0 13. Nd2 Qe6 14. 0-0-0 Ne7 15. Qg3 Rdg8 16. h6 Bf8 17. Nf3 g5 18. Nxg5 Qg6 19. e6 Bxh6 20. Rxh6 Qxh6 21. Qd6 Nf8 22. Bf4 1-0